[Event "30th British Rapid 2016"]
[Site "Leeds ENG"]
[Date "2016.11.12"]
[Round "1.1"]
[White "Bak, Andrew"]
[Black "Arkell, Keith C"]
[Result "0-1"]
[BlackTitle "GM"]
[WhiteElo "2055"]
[BlackElo "2450"]
[WhiteFideId "421138"]
[BlackFideId "400270"]
[EventDate "2016.11.12"]
[EventType "rapid"]

1. d4 Nf6 2. Nf3 e6 3. c4 b6 4. g3 Ba6 5. Qa4 Bb7 6. Bg2 c5 7. O-O cxd4 8. Nxd4
Bxg2 9. Kxg2 Qc7 10. Nc3 Qb7+ 11. Kg1 Bc5 12. Rd1 Qc7 13. Kg2 Qb7+ 14. Kg1 a6
15. b4 Be7 16. a3 O-O 17. Nc2 Rc8 18. Ne3 b5 19. Qc2 bxc4 20. Rb1 d5 21. Ng2 Nc6
22. b5 Na5 23. a4 Nb3 24. Bf4 d4 25. bxa6 Qxa6 26. Nb5 Qxa4 27. Nxd4 Nxd4 28.
Qxa4 Nxe2+ 29. Kf1 Nxg3+ 30. hxg3 Rxa4 31. Ne3 c3 32. Rdc1 Ne4 33. Ke2 g5 34.
Be5 f6 35. f3 Ra2+ 36. Rc2 Rxc2+ 37. Nxc2 Nd2 38. Rb8 Rxb8 39. Bxb8 h5 40. Bc7
h4 41. gxh4 gxh4 42. Ba5 h3 43. Kf2 h2 44. Kg2 Nxf3 45. Bxc3 Kf7 46. Ne3 f5 47.
Nd1 Bd6 48. Nf2 Nh4+ 49. Kh3 Ng6 50. Kg2 Ke7 51. Kf3 Kd7 0-1

[Event "30th British Rapid 2016"]
[Site "Leeds ENG"]
[Date "2016.11.12"]
[Round "1.2"]
[White "Bates, Richard A"]
[Black "Moreby, James"]
[Result "1/2-1/2"]
[WhiteTitle "IM"]
[WhiteElo "2341"]
[BlackElo "2192"]
[WhiteFideId "403555"]
[BlackFideId "427756"]
[EventDate "2016.11.12"]
[EventType "rapid"]

1. d4 Nf6 2. Nf3 e6 3. c4 b6 4. g3 Ba6 5. b3 b5 6. cxb5 Bxb5 7. Bg2 d5 8. O-O
Nbd7 9. Nc3 Ba6 10. Ne5 c5 11. Nxd7 Qxd7 12. Bg5 Rc8 13. Bxf6 gxf6 14. Re1 cxd4
15. Qxd4 Be7 16. Rac1 O-O 17. e4 Ba3 18. Rb1 Qc7 19. Qa4 Qd6 20. exd5 Rxc3 21.
dxe6 Bb4 22. e7 Rd3 23. exf8=Q+ Kxf8 24. Rec1 Ba3 25. Rf1 Rd4 26. b4 Bxf1 27.
Bxf1 Bxb4 28. Qxa7 Bc5 29. Qa8+ Kg7 30. Qf3 Qe6 31. Be2 Rd2 32. Kf1 Rxa2 33. Re1
Bb4 34. Rd1 Qh3+ 35. Kg1 Qe6 36. Bd3 Bc5 37. Bf5 Qb6 38. Rf1 Qa7 39. Qg4+ Kf8
40. Bxh7 Rxf2 41. Rxf2 Bxf2+ 42. Kg2 Bd4 43. Qc8+ Kg7 44. Qg8+ Kh6 45. Bf5 Qa2+
46. Kh3 Qf2 47. Be4 Qf1+ 48. Kh4 f5 49. Qxf7 Qf2 50. Qe6+ Kg7 51. Bxf5 Bf6+ 52.
Kg4 Qxh2 53. Qd7+ Kf8 54. Qc8+ Kg7 55. Qc7+ Kf8 56. Qc8+ Kg7 57. Qd7+ Kf8 58.
Be6 Qe2+ 59. Kf5 Qe5+ 60. Kg4 Qe2+ 61. Kf4 Qf2+ 62. Kg4 1/2-1/2

[Event "30th British Rapid 2016"]
[Site "Leeds ENG"]
[Date "2016.11.12"]
[Round "1.3"]
[White "Burke, Mitchell R"]
[Black "D'Costa, Lorin A R"]
[Result "1/2-1/2"]
[BlackTitle "IM"]
[WhiteElo "1976"]
[BlackElo "2391"]
[WhiteFideId "416231"]
[BlackFideId "409219"]
[EventDate "2016.11.12"]
[EventType "rapid"]

1. e4 c5 2. Nc3 a6 3. f4 b5 4. g3 Bb7 5. Bg2 d6 6. Qe2 Nc6 7. Nf3 e6 8. d3 Be7
9. O-O Nf6 10. h3 d5 11. e5 Nd7 12. f5 O-O 13. h4 b4 14. fxe6 bxc3 15. exf7+
Rxf7 16. e6 Rxf3 17. Qxf3 Nf6 18. bxc3 Qd6 19. Bh3 Rf8 20. Bf4 Qd8 21. Rab1 Ba8
22. Qe2 d4 23. c4 Nb4 24. a3 Na2 25. Rb8 Nc3 26. Qd2 Qa5 27. Rxf8+ Kxf8 28. Bg2
Qd8 29. Be5 Kg8 30. Bxa8 Qxa8 31. Qg2 Qc8 32. Qh3 h5 33. Qf5 Qc6 34. Qf3 Qxe6
35. Qa8+ Kh7 36. Bxf6 Bxf6 37. Qf3 Kg6 38. Kg2 a5 39. Qf2 a4 40. Re1 Qf5 41.
Qxf5+ Kxf5 42. Kf3 Be5 43. Rf1 g6 44. Re1 Bd6 45. Rf1 Bc7 46. Re1 Be5 47. Rf1
Bf6 48. Re1 g5 49. hxg5 Bxg5 50. Rh1 Kg6 51. Re1 Be3 52. Rh1 Kg5 53. Re1 Na2 54.
Ra1 Nc3 55. Re1 Kf5 56. Rh1 Kg6 57. Re1 Kg5 58. Rh1 Bd2 59. Rf1 Na2 60. Ra1 Nc3
61. Rf1 Kf5 62. Rh1 Kg6 63. Rf1 Be3 64. Re1 Kf5 65. Rh1 Kg5 66. Re1 Kf5 67. Rh1
Kg6 68. Re1 Kg5 69. Rf1 Bd2 70. Rh1 Be3 71. Rf1 Kf5 1/2-1/2

[Event "30th British Rapid 2016"]
[Site "Leeds ENG"]
[Date "2016.11.12"]
[Round "1.4"]
[White "Tate, Alan"]
[Black "Ackley, Peter J E"]
[Result "1-0"]
[WhiteTitle "FM"]
[WhiteElo "2341"]
[BlackElo "1971"]
[WhiteFideId "2401878"]
[BlackFideId "414824"]
[EventDate "2016.11.12"]
[EventType "rapid"]

1. e4 g6 2. d4 Bg7 3. Nc3 d6 4. Be3 a6 5. Qd2 Nd7 6. O-O-O b5 7. h4 h5 8. Nh3
Bb7 9. Ng5 Rc8 10. f3 c5 11. e5 cxd4 12. e6 fxe6 13. Bxd4 Bxd4 14. Qxd4 e5 15.
Bd3 Nf8 16. Qf2 Nh6 17. Rhe1 Qa5 18. Qa7 Qc7 19. a3 Nf5 20. Kb1 Nxh4 21. Qf2 Nf5
22. f4 Qc5 23. Qd2 Nd7 24. Ne6 Qc6 25. Be4 Qb6 26. Nd5 Bxd5 27. Bxd5 Nd4 28. Qd3
Rh6 29. fxe5 Nxe6 30. Bxe6 Rd8 31. Qf3 Rh7 32. exd6 Nc5 33. Bg8 Rg7 34. dxe7
Rxd1+ 35. Rxd1 Rxg8 36. Qa8+ Kxe7 37. Qxg8 Qe6 38. Qd8+ Kf7 39. Rf1+ Kg7 40.
Qf8+ 1-0

[Event "30th British Rapid 2016"]
[Site "Leeds ENG"]
[Date "2016.11.12"]
[Round "2.1"]
[White "Arkell, Keith C"]
[Black "Wiley, Tom E"]
[Result "1-0"]
[WhiteTitle "GM"]
[BlackTitle "FM"]
[WhiteElo "2450"]
[BlackElo "2158"]
[WhiteFideId "400270"]
[BlackFideId "401765"]
[EventDate "2016.11.12"]
[EventType "rapid"]

1. d4 Nf6 2. Nf3 d5 3. c4 dxc4 4. Qa4+ Nc6 5. Nc3 Nd5 6. Qxc4 Nb6 7. Qd3 Bg4 8.
e3 Bxf3 9. gxf3 e5 10. dxe5 Qxd3 11. Bxd3 Nxe5 12. Be4 O-O-O 13. Ke2 g6 14. f4
Nec4 15. Rb1 Bg7 16. h4 h5 17. Bd3 Nd6 18. Bd2 Rhe8 19. b3 Nd7 20. Nb5 Nc5 21.
Nxd6+ Rxd6 22. Bc4 Ne4 23. Bb4 c5 24. Be1 Re7 25. Rc1 Bb2 26. Rc2 Ba3 27. Bd3
Kd7 28. Rc4 f5 29. Ra4 Bb4 30. Bxe4 Rxe4 31. Rxa7 Kc6 32. f3 Re8 33. Bxb4 cxb4
34. Rc1+ Kb6 35. Ra4 Kb5 36. Rc4 Rde6 1-0

[Event "30th British Rapid 2016"]
[Site "Leeds ENG"]
[Date "2016.11.12"]
[Round "2.2"]
[White "Smith, Andrew Philip"]
[Black "Tate, Alan"]
[Result "0-1"]
[WhiteTitle "FM"]
[BlackTitle "FM"]
[WhiteElo "2136"]
[BlackElo "2341"]
[WhiteFideId "2500833"]
[BlackFideId "2401878"]
[EventDate "2016.11.12"]
[EventType "rapid"]

1. e4 e5 2. d4 exd4 3. Qxd4 Nc6 4. Qe3 Nf6 5. Nc3 Bb4 6. Bd2 O-O 7. O-O-O Re8 8.
Bc4 Ne5 9. Bb3 Ng6 10. Nge2 Qe7 11. Ng3 d6 12. Nd5 Nxd5 13. Bxd5 Bc5 14. Qe1 c6
15. Bb3 Qf6 16. f3 d5 17. Kb1 Be6 18. Bc3 d4 19. Bb4 Bb6 20. Bd2 c5 21. Qf1 Rac8
22. Bxe6 Qxe6 23. Nf5 c4 24. Bb4 Rcd8 25. Qe1 Ne5 26. Ba5 Bxa5 27. Qxa5 Nc6 28.
Qe1 g6 29. Qg3 Qe5 30. Qxe5 Rxe5 31. Ng3 Re7 32. Rhe1 b5 33. Ne2 a5 34. Nf4 Kg7
35. Rd2 f5 36. Rde2 fxe4 37. Rxe4 Rxe4 38. Rxe4 Rd6 39. Kc1 Kf7 40. Kd2 Ne7 41.
Ne2 d3 42. cxd3 Rxd3+ 43. Kc2 Nd5 44. Nf4 Nb4+ 45. Kc1 Rd6 46. a4 g5 47. Ne2
Nd3+ 48. Kb1 Nc5 49. Re5 Nb3 50. Nc3 b4 51. Nd5 h6 52. Ne3 Rd4 53. Rb5 0-1

[Event "30th British Rapid 2016"]
[Site "Leeds ENG"]
[Date "2016.11.12"]
[Round "2.4"]
[White "Jayawarna, Nugith"]
[Black "Pritchett, Craig W"]
[Result "0-1"]
[BlackTitle "IM"]
[WhiteElo "2057"]
[BlackElo "2338"]
[WhiteFideId "434884"]
[BlackFideId "2400065"]
[EventDate "2016.11.12"]
[EventType "rapid"]

1. c4 Nf6 2. Nc3 e5 3. g3 Bc5 4. Bg2 O-O 5. e3 Re8 6. Qc2 Nc6 7. a3 a6 8. Nge2
d6 9. O-O Bg4 10. b4 Ba7 11. d3 Qd7 12. Bb2 Bh3 13. Rac1 Bxg2 14. Kxg2 d5 15.
cxd5 Nxd5 16. Nxd5 Qxd5+ 17. Kg1 Rad8 18. Rfd1 Qf3 19. Nc3 h5 20. Qe2 Qxe2 21.
Nxe2 Rd6 22. d4 exd4 23. Nxd4 Nxd4 24. Bxd4 Bxd4 25. Rxd4 Rxd4 26. exd4 c6 27.
Rc5 Rd8 28. Rxh5 Rxd4 29. Re5 Kf8 30. Rh5 Ke7 31. Rh8 Rd7 32. Kf1 Kd6 33. Ke2 c5
34. Rh4 cxb4 35. axb4 Kc6 36. Rh5 g6 37. Rc5+ Kb6 38. Ke3 Rd1 39. h4 Rb1 40. Rc4
Rb3+ 41. Ke2 f5 42. f3 Kb5 43. Rc7 b6 44. Rg7 Rxb4 45. Rxg6 f4 46. g4 a5 47. h5
Rb2+ 48. Kd1 Rh2 49. h6 a4 50. g5 a3 51. Rg8 a2 52. Ra8 Kc4 53. Rxa2 Rxa2 54. g6
Kd3 55. Kc1 Kc3 56. Kb1 Rb2+ 57. Ka1 Kb3 58. g7 Kc3 0-1

[Event "30th British Rapid 2016"]
[Site "Leeds ENG"]
[Date "2016.11.12"]
[Round "3.1"]
[White "Pritchett, Craig W"]
[Black "Arkell, Keith C"]
[Result "1/2-1/2"]
[WhiteTitle "IM"]
[BlackTitle "GM"]
[WhiteElo "2338"]
[BlackElo "2450"]
[WhiteFideId "2400065"]
[BlackFideId "400270"]
[EventDate "2016.11.12"]

1. c4 c5 2. Nf3 Nc6 3. Nc3 g6 4. e3 Nf6 5. d4 cxd4 6. exd4 d5 7. cxd5 Nxd5 8.
Qb3 Nxc3 9. Bc4 Nd5 10. Bxd5 e6 11. Bxc6+ bxc6 12. O-O Qd5 13. Be3 Ba6 14. Rfc1
f6 15. Rc3 Qxb3 16. axb3 Bb5 17. Nd2 Bb4 18. Rcc1 Kd7 19. Ne4 Ke7 20. f3 Rhd8
21. Kf2 a5 22. g4 g5 23. h4 h6 24. Rh1 Rh8 25. Bd2 Bxd2 26. Nxd2 Rhd8 27. hxg5
Rxd4 28. gxf6+ Kxf6 29. Ne4+ Kg6 30. Rh5 Rd5 31. Rah1 Rxh5 32. gxh5+ Kf5 33. Rg1
Bd3 34. Nc5 Bb5 35. Rg6 Rd8 36. Ne4 Bd3 37. Rxh6 Bxe4 38. fxe4+ Ke5 39. Rg6 Rd2+
40. Ke3 Rxb2 41. Rg5+ Kf6 42. Rxa5 Rxb3+ 43. Kf4 Rb5 44. e5+ Kg7 45. Ra6 Rc5 46.
Ra7+ Kh6 47. Re7 Rc4+ 48. Ke3 Kxh5 1/2-1/2

[Event "30th British Rapid 2016"]
[Site "Leeds ENG"]
[Date "2016.11.12"]
[Round "3.3"]
[White "Lauridsen, Jesper Morch"]
[Black "Poobalasingam, Peter S"]
[Result "0-1"]
[WhiteTitle "FM"]
[BlackTitle "FM"]
[WhiteElo "2248"]
[BlackElo "2223"]
[WhiteFideId "1401890"]
[BlackFideId "410683"]
[EventDate "2016.11.12"]

1. d4 d6 2. Nf3 Nd7 3. e4 e5 4. dxe5 Nxe5 5. Nc3 c6 6. Bf4 Ng6 7. Bg3 Nf6 8. e5
Nh5 9. exd6 Nxg3 10. hxg3 Qxd6 11. Bd3 Bg4 12. Bxg6 fxg6 13. Rh4 Bf5 14. Nd4
O-O-O 15. Qf3 Qe5+ 16. Qe3 Qxe3+ 17. fxe3 Bd7 18. O-O-O Be7 19. Re4 Bf6 20. Ne6
Rde8 21. Nc5 Bf5 22. Ra4 Bg5 23. N5e4 Bxe3+ 24. Kb1 Rd8 25. Nd6+ Kc7 26. Nc4
Rxd1+ 27. Nxd1 b5 28. Ra6 Bc5 29. b4 Bg1 30. Nce3 Kb7 31. Ra3 Rd8 32. Kc1 Be6
33. Ra5 Rd4 34. c3 Rd3 35. Nc2 Bb6 36. Ra3 Rxg3 37. Kd2 Rxg2+ 0-1

[Event "30th British Rapid 2016"]
[Site "Leeds ENG"]
[Date "2016.11.12"]
[Round "3.4"]
[White "Bates, Richard A"]
[Black "Boztas, Kenan"]
[Result "1-0"]
[WhiteTitle "IM"]
[WhiteElo "2341"]
[BlackElo "2051"]
[WhiteFideId "403555"]
[BlackFideId "409707"]
[EventDate "2016.11.12"]

1. d4 Nf6 2. Nf3 g6 3. c4 b6 4. g3 Bb7 5. Bg2 Bg7 6. O-O O-O 7. d5 b5 8. cxb5
Nxd5 9. e4 Nf6 10. e5 Ne8 11. Nc3 d6 12. Re1 e6 13. Ne4 Qd7 14. Bf4 Bxe4 15.
Rxe4 d5 16. Rb4 c5 17. bxc6 Nxc6 18. Rb3 Nc7 19. Rc1 Na5 20. Rbc3 Na6 21. Ra3
Nc4 22. Rxc4 Qb5 23. Rc1 Rfc8 24. Bf1 Qxb2 25. Rxa6 Rxc1 26. Qxc1 1-0

[Event "30th British Rapid 2016"]
[Site "Leeds ENG"]
[Date "2016.11.12"]
[Round "4.1"]
[White "Poobalasingam, Peter S"]
[Black "Tate, Alan"]
[Result "0-1"]
[WhiteTitle "FM"]
[BlackTitle "FM"]
[WhiteElo "2223"]
[BlackElo "2341"]
[WhiteFideId "410683"]
[BlackFideId "2401878"]
[EventDate "2016.11.12"]

1. d3 d5 2. e4 dxe4 3. dxe4 Qxd1+ 4. Kxd1 e5 5. c3 Bc5 6. f3 Be6 7. Nd2 Ne7 8.
Nc4 Ng6 9. b4 Be7 10. Be3 O-O 11. Kc2 Rd8 12. g3 f6 13. Nh3 b6 14. f4 exf4 15.
gxf4 f5 16. Rg1 fxe4 17. Ng5 Bxg5 18. fxg5 Nc6 19. Nd2 Nce5 20. Bg2 Bf5 21. Nf1
Nh4 22. Ng3 Nxg2 23. Rxg2 Bh3 24. Re2 Bg4 25. Ree1 Nd3 26. Rf1 Bf3 27. Nf5 Rd7
28. Bd4 Be2 29. Rg1 Rf8 30. Ng3 Bf3 31. b5 a6 32. a4 axb5 33. axb5 Rd5 34. Rab1
Ra8 35. Nh5 Bxh5 36. Ra1 Rxa1 37. Rxa1 Rxb5 38. Kd2 Rb2+ 39. Ke3 Re2# 0-1

[Event "30th British Rapid 2016"]
[Site "Leeds ENG"]
[Date "2016.11.12"]
[Round "4.2"]
[White "Arkell, Keith C"]
[Black "Surtees, Mike J"]
[Result "1/2-1/2"]
[WhiteTitle "GM"]
[WhiteElo "2450"]
[BlackElo "2050"]
[WhiteFideId "400270"]
[BlackFideId "412619"]
[EventDate "2016.11.12"]

1. d4 e6 2. c4 c5 3. d5 exd5 4. cxd5 d6 5. Nc3 g6 6. e4 a6 7. a4 Bg7 8. Bd3 Qe7
9. Nge2 Nd7 10. O-O Nh6 11. a5 Ne5 12. Bc2 g5 13. Ba4+ Kf8 14. Ng3 Ng6 15. Nce2
Be5 16. Bc2 Nf4 17. Nxf4 gxf4 18. Nf5 Nxf5 19. exf5 Qg5 20. Qd3 h5 21. Ra4 Bd7
22. Ra3 Bb5 23. Qb3 Rg8 24. Be4 Bxf1 25. Kxf1 Re8 26. Qc2 h4 27. h3 Re7 28. Bf3
Kg7 29. Rb3 Rge8 30. Bd2 Bd4 31. Bg4 Qf6 32. Kg1 Qe5 33. Rf3 Qxd5 34. Rd3 Qe5
35. b3 Qe4 36. Kh2 Kf8 37. Bc3 Bxc3 38. Qxc3 Qe5 39. Qxe5 dxe5 40. f6 Rc7 41. g3
e4 42. Rd5 Rc6 43. Bd7 e3 44. Bxe8 Kxe8 45. fxe3 hxg3+ 46. Kg2 fxe3 47. Re5+ Kf8
48. Kxg3 Rxf6 49. Rxe3 b6 50. axb6 Rxb6 51. Kf4 Kg7 52. Kf5 Rf6+ 53. Kg5 Re6 54.
Rxe6 fxe6 55. h4 a5 56. Kf4 Kg6 57. Ke5 c4 58. bxc4 a4 59. Kd4 e5+ 60. Kc3 e4
61. c5 e3 62. c6 e2 63. Kd2 a3 64. c7 a2 65. c8=Q a1=Q 1/2-1/2

[Event "30th British Rapid 2016"]
[Site "Leeds ENG"]
[Date "2016.11.12"]
[Round "4.3"]
[White "Wall, Tim P"]
[Black "Bates, Richard A"]
[Result "0-1"]
[WhiteTitle "FM"]
[BlackTitle "IM"]
[WhiteElo "2183"]
[BlackElo "2341"]
[WhiteFideId "401641"]
[BlackFideId "403555"]
[EventDate "2016.11.12"]

1. d4 Nf6 2. Bf4 g6 3. Nc3 d5 4. Qd2 Bg7 5. Bh6 Bxh6 6. Qxh6 c5 7. e3 Nc6 8.
O-O-O cxd4 9. exd4 Bf5 10. Nf3 a6 11. Bd3 Bg4 12. Rhe1 Bxf3 13. gxf3 Qd6 14. Kb1
O-O-O 15. f4 Nxd4 16. Qh3+ e6 17. Bxa6 Qxf4 18. Qd3 Nc6 19. Bb5 Nb4 20. Qe2 Kc7
21. Ba4 Nc6 22. Rd3 Ne4 23. Nxe4 Qxe4 24. Qxe4 dxe4 25. Rxe4 Rxd3 26. cxd3 Rd8
27. Kc2 b5 28. Bb3 Nd4+ 29. Kc3 Nxb3 30. axb3 Rd5 31. Rh4 h5 32. Rf4 f5 33. h4
e5 34. Rf3 Rd4 35. Rg3 Rg4 36. Rh3 Kd6 37. b4 Kd5 38. Rh2 f4 39. b3 f3 40. Rh3
e4 41. dxe4+ Kxe4 42. Rh1 Kf5 43. Rd1 Rxh4 44. Rd5+ Kf6 45. Rxb5 Rh2 46. Rb6+
Kg5 47. b5 Rxf2 48. Rd6 Re2 49. Kd3 Re5 50. Kd4 0-1

[Event "30th British Rapid 2016"]
[Site "Leeds ENG"]
[Date "2016.11.12"]
[Round "4.4"]
[White "Bansal, Rohan"]
[Black "Pritchett, Craig W"]
[Result "1-0"]
[BlackTitle "IM"]
[WhiteElo "1969"]
[BlackElo "2338"]
[WhiteFideId "425052"]
[BlackFideId "2400065"]
[EventDate "2016.11.12"]

1. d4 Nf6 2. c4 e6 3. Nc3 Bb4 4. Qc2 d6 5. Nf3 Nbd7 6. a3 Bxc3+ 7. Qxc3 b6 8. g3
Bb7 9. Bg2 c5 10. O-O O-O 11. Bf4 cxd4 12. Nxd4 Bxg2 13. Kxg2 e5 14. Nc6 Qe8 15.
Be3 Nc5 16. Nb4 a5 17. Bxc5 bxc5 18. Nc2 Qc6+ 19. Kg1 a4 20. Ne3 Rfb8 21. Rfd1
Rb3 22. Qc2 Qe4 23. Rd2 Rxe3 24. fxe3 Qxe3+ 25. Kg2 Ne4 26. Rd3 Qf2+ 27. Kh1 Qf5
28. Kg2 Ng5 29. Rf1 Qe4+ 30. Kf2 Ne6 31. e3 Ng5 32. Ke2 Qg4+ 33. Kd2 Nf3+ 34.
Kc1 e4 35. Rxd6 g6 36. Qc3 Qh3 37. Rfd1 Qc8 38. Qf6 1-0

[Event "30th British Rapid 2016"]
[Site "Leeds ENG"]
[Date "2016.11.12"]
[Round "5.1"]
[White "Tate, Alan"]
[Black "Bansal, Rohan"]
[Result "1/2-1/2"]
[WhiteTitle "FM"]
[WhiteElo "2341"]
[BlackElo "1969"]
[WhiteFideId "2401878"]
[BlackFideId "425052"]
[EventDate "2016.11.12"]

1. e4 e6 2. d4 d5 3. Nd2 Nf6 4. e5 Nfd7 5. Bd3 c5 6. c3 b6 7. Ne2 Ba6 8. Bxa6
Nxa6 9. O-O Nc7 10. f4 f5 11. exf6 Nxf6 12. f5 Be7 13. Ng3 O-O 14. Qe2 Bd6 15.
fxe6 Re8 16. Nh5 Rxe6 17. Nxf6+ Rxf6 18. Nf3 Ne6 19. Bd2 Qc7 20. Rac1 Raf8 21.
Kh1 Bf4 22. Rce1 Bxd2 23. Qxd2 cxd4 24. cxd4 Nf4 25. Ne5 Ng6 26. Rxf6 Rxf6 27.
h3 Qd8 28. Ng4 Rf7 29. Qb4 Qf8 30. Qxf8+ Kxf8 31. Kg1 Re7 32. Rc1 Re2 33. Rc7
Re1+ 34. Kf2 Re7 35. Rc2 Re4 36. Rc7 Re7 37. Rc2 Re4 1/2-1/2

[Event "30th British Rapid 2016"]
[Site "Leeds ENG"]
[Date "2016.11.12"]
[Round "5.2"]
[White "Bates, Richard A"]
[Black "Arkell, Keith C"]
[Result "1-0"]
[WhiteTitle "IM"]
[BlackTitle "GM"]
[WhiteElo "2341"]
[BlackElo "2450"]
[WhiteFideId "403555"]
[BlackFideId "400270"]
[EventDate "2016.11.12"]

1. d4 e6 2. g3 c5 3. Nf3 cxd4 4. Nxd4 Nc6 5. Bg2 Bc5 6. Nb3 Be7 7. c4 b6 8. O-O
Ba6 9. N3d2 Nf6 10. Nc3 O-O 11. a3 Bb7 12. b4 Rb8 13. Bb2 a5 14. b5 Ne5 15. Nd5
Nxd5 16. cxd5 Bf6 17. Qb3 Ng4 18. h3 Bxb2 19. Qxb2 Nf6 20. d6 Bxg2 21. Kxg2 Ne8
22. Nc4 Rc8 23. Rac1 Rc5 24. e4 f5 25. e5 f4 26. a4 g6 27. Qd4 fxg3 28. fxg3
Rxf1 29. Rxf1 Ng7 30. g4 Qc8 31. Ne3 g5 32. Qe4 Rc3 33. Rf2 h6 34. Rf6 Qc5 35.
Rxh6 Nf5 36. gxf5 1-0

[Event "30th British Rapid 2016"]
[Site "Leeds ENG"]
[Date "2016.11.12"]
[Round "5.3"]
[White "Talbot, Mark A"]
[Black "D'Costa, Lorin A R"]
[Result "0-1"]
[BlackTitle "IM"]
[WhiteElo "2029"]
[BlackElo "2391"]
[WhiteFideId "416401"]
[BlackFideId "409219"]
[EventDate "2016.11.12"]

1. Nf3 Nf6 2. g3 d5 3. Bg2 g6 4. c4 Bg7 5. cxd5 Nxd5 6. Nc3 O-O 7. O-O Nc6 8.
Nxd5 Qxd5 9. d3 Qb5 10. Rb1 a5 11. Bd2 e5 12. Bc3 Be6 13. b3 e4 14. a4 Qb6 15.
Bxg7 exf3 16. Bf6 fxg2 17. Qd2 gxf1=Q+ 18. Rxf1 Nd4 0-1

[Event "30th British Rapid 2016"]
[Site "Leeds ENG"]
[Date "2016.11.12"]
[Round "5.4"]
[White "Keely, Leo A"]
[Black "Poobalasingam, Peter S"]
[Result "0-1"]
[BlackTitle "FM"]
[WhiteElo "1962"]
[BlackElo "2223"]
[WhiteFideId "410241"]
[BlackFideId "410683"]
[EventDate "2016.11.12"]

1. e4 d6 2. Nc3 Nf6 3. f4 g6 4. Nf3 Bg7 5. d4 c5 6. e5 Nfd7 7. e6 fxe6 8. Ng5
Nf6 9. dxc5 Nc6 10. Bb5 O-O 11. O-O dxc5 12. Bxc6 bxc6 13. Qe2 e5 14. fxe5 Qd4+
15. Kh1 Bg4 16. Nf3 Bxf3 17. Rxf3 Ng4 18. Be3 Qb4 19. e6 Qxb2 20. Raf1 Rxf3 21.
Rxf3 Nxe3 22. Rxe3 Bxc3 23. h4 Bd4 24. Rf3 Qc1+ 25. Kh2 Qh6 26. Qe4 Rf8 27. Rg3
Qf4 0-1

[Event "30th British Rapid 2016"]
[Site "Leeds ENG"]
[Date "2016.11.12"]
[Round "6.1"]
[White "Tate, Alan"]
[Black "Bates, Richard A"]
[Result "0-1"]
[WhiteTitle "FM"]
[BlackTitle "IM"]
[WhiteElo "2341"]
[BlackElo "2341"]
[WhiteFideId "2401878"]
[BlackFideId "403555"]
[EventDate "2016.11.12"]

1. e4 c5 2. Nf3 d6 3. Bb5+ Bd7 4. Bxd7+ Qxd7 5. c4 Nf6 6. Nc3 g6 7. d4 cxd4 8.
Nxd4 Bg7 9. f3 O-O 10. Be3 Nc6 11. O-O Rac8 12. b3 Qd8 13. Rc1 a6 14. Qd3 Qa5
15. Rfd1 e6 16. Nxc6 Rxc6 17. a4 Rfc8 18. Bd2 Qb6+ 19. Qe3 Qxb3 20. Rb1 Qxc4 21.
Rxb7 Ng4 22. Qe2 Qd4+ 0-1

[Event "30th British Rapid 2016"]
[Site "Leeds ENG"]
[Date "2016.11.12"]
[Round "6.2"]
[White "D'Costa, Lorin A R"]
[Black "Surtees, Mike J"]
[Result "1-0"]
[WhiteTitle "IM"]
[WhiteElo "2391"]
[BlackElo "2050"]
[WhiteFideId "409219"]
[BlackFideId "412619"]
[EventDate "2016.11.12"]

1. Nf3 e6 2. c4 g5 3. d4 g4 4. Ne5 h5 5. e4 Bg7 6. Be3 c5 7. Nc3 Qa5 8. b4 Qxb4
9. Bd2 Qb6 10. dxc5 Qxc5 11. Nd3 Qe7 12. Nb5 Na6 13. Be2 d6 14. O-O Bd7 15. Rb1
Nf6 16. e5 dxe5 17. Nxe5 O-O 18. Bg5 Bxb5 19. cxb5 Nc5 20. f3 Rfd8 21. Qc1 Rd5
22. Qf4 Rad8 23. fxg4 Rd4 24. Bxf6 Rxf4 25. Bxe7 Rxf1+ 26. Kxf1 Rd5 27. Bxc5
Rxc5 28. Nd3 Rc2 29. gxh5 Rxa2 30. Nc5 b6 31. Na6 Bd4 32. Nb4 Rd2 33. Rd1 Rxd1+
34. Bxd1 1-0

[Event "30th British Rapid 2016"]
[Site "Leeds ENG"]
[Date "2016.11.12"]
[Round "6.3"]
[White "Poobalasingam, Peter S"]
[Black "Bansal, Rohan"]
[Result "1-0"]
[WhiteTitle "FM"]
[WhiteElo "2223"]
[BlackElo "1969"]
[WhiteFideId "410683"]
[BlackFideId "425052"]
[EventDate "2016.11.12"]

1. d3 Nf6 2. e4 d6 3. Nf3 g6 4. g3 Bg7 5. Bg2 O-O 6. O-O c5 7. Re1 Nc6 8. c3 e5
9. h3 h6 10. Na3 Ne8 11. Nc2 f5 12. Nh4 Kh7 13. exf5 gxf5 14. Qh5 Qf6 15. Ne3
Ne7 16. Nd5 Nxd5 17. Bxd5 Nc7 18. Bg2 Rb8 19. f4 Ne6 20. fxe5 dxe5 21. Nf3 c4
22. Nxe5 f4 23. Ng6 Rd8 24. Nxf4 Nxf4 25. Bxf4 cxd3 26. Bxb8 1-0

[Event "30th British Rapid 2016"]
[Site "Leeds ENG"]
[Date "2016.11.12"]
[Round "6.4"]
[White "Wall, Tim P"]
[Black "Pritchett, Craig W"]
[Result "0-1"]
[WhiteTitle "FM"]
[BlackTitle "IM"]
[WhiteElo "2183"]
[BlackElo "2338"]
[WhiteFideId "401641"]
[BlackFideId "2400065"]
[EventDate "2016.11.12"]

1. e4 c5 2. Nc3 a6 3. f4 b5 4. g3 Bb7 5. Bg2 e6 6. d3 Nf6 7. Nf3 b4 8. Ne2 d5 9.
e5 Nfd7 10. d4 Nc6 11. c3 a5 12. O-O Be7 13. Be3 g6 14. g4 h5 15. h3 hxg4 16.
hxg4 Ba6 17. a3 bxa3 18. bxa3 Nb6 19. Bf2 Nc4 20. Ra2 Rb8 21. Qc2 Qb6 22. f5
gxf5 23. gxf5 Qb3 24. fxe6 fxe6 25. Qg6+ Kd7 26. Nf4 Nd8 27. Raa1 Nxa3 28. Rfc1
Rf8 29. Nh5 Be2 30. Nf6+ Bxf6 31. exf6 Bxf3 32. Bxf3 Nf7 33. Bg4 Kc6 34. Re1 Nd6
35. Rxe6 Rg8 36. Qf5 cxd4 37. cxd4 Nc4 38. Rc1 Kb5 39. Qxd5+ Ka4 40. Ra1+ Na3
41. Qxb3+ Rxb3 42. Rxd6 Rxg4+ 43. Kf1 Rf4 44. Ra2 Rbf3 45. d5 Kb3 46. Re2 Nc4
47. Rde6 Rxf6 48. Rxf6 Rxf6 49. Kg2 a4 50. Bc5 Rf5 51. Be7 Rxd5 52. Kf2 Nb2 53.
Re3+ Kc2 54. Re2+ Kb1 55. Ba3 Nc4 56. Be7 Rd3 57. Re4 Nb2 58. Ke2 Rb3 0-1